000 01031nam a2200253 a 4500
001 BRCA_974
005 20190320203228.0
008 900628s1989 mx-a---##b---s000-0#spa-#
020 _a9686140425
040 _aDLC
_cDLC
_dDLC
050 4 _aNA5257.Q9
_b.V37 1989
100 1 _aVargas Lugo de Bosch, Elisa
_9656
245 1 0 _aUn edificio que canta
_bSan Agustín de Querétaro
_cElisa Vargas Lugo, José Guadalupe Victoria.
260 _aQuerétaro, México
_bGobierno del Estado de Querétaro : Dirección de Patrimonio Cultura : Secretaría de Cultura y Bienestar Social
_c1989
300 _a96 p.
_bil.
_c21 cm.
440 0 _aDocumentos de Querétaro
_v14
_93213
504 _aBibliografía: p. 95-96
610 2 4 _aSan Agustín de Querétaro (Iglesia)
_zQueretaro (México)
_93214
650 1 4 _aArquitectura religiosa
_zQueretaro (México)
_93215
650 1 4 _aArquitectura barroca
_zMéxico
_923
651 4 _aQuerétaro (México)
_xEdificios, estructuras, etc.
_93216
700 1 _aVictoria, José Guadalupe
_93217
942 _2lcc
_cB
999 _c859
_d859